[Event "Wroclaw Anderssen Memorial fin 21st"]
[Site "Wroclaw"]
[Date "2012.07.01"]
[Round "3.2"]
[White "Grossmann, Ryszard"]
[Black "Kislov, Mikhail"]
[Result "0-1"]
[WhiteElo "2198"]
[BlackElo "2330"]
[PlyCount "65"]
[EventDate "2012.07.01"]
[EventType "k.o. (rapid)"]
[EventRounds "3"]
[EventCountry "POL"]
[SourceTitle "CBM 149 Extra"]
[Source "ChessBase"]
[SourceDate "2012.08.24"]
[SourceVersion "1"]
[SourceVersionDate "2012.08.24"]
[SourceQuality "1"]

1. d4 Nf6 2. Nf3 g6 3. c4 Bg7 4. Nc3 d6 5. g3 0-0 6. Bg2 Nbd7 7. e4 e5 8. 0-0 Re8 9. Re1 a5 10. h3 c6 11. Be3 a4 12. Qc2 Qa5 13. Rad1 Qb4 14. Bf1 exd4 15. Bxd4 Ne5 16. Nxe5 dxe5 17. Be3 Be6 18. a3 Qa5 19. Rd2 Bf8 20. Bg5 Nd7 21. Be3 Bc5 22. Rdd1 Bxe3 23. Rxe3 Nc5 24. f4 exf4 25. gxf4 Nb3 26. Qf2 f5 27. exf5 Qxf5 28. Re5 Qf7 29. Rde1 c5 30. Ne4 Qf8 31. Ng5 Bf5 32. Bg2 h5 33. Qh4 0-1

[Event "Wroclaw Anderssen Memorial fin 21st"]
[Site "Wroclaw"]
[Date "2012.07.01"]
[Round "2.1"]
[White "Kislov, Mikhail"]
[Black "Szmacinska, Grazyna"]
[Result "1-0"]
[WhiteElo "2330"]
[BlackElo "2151"]
[PlyCount "55"]
[EventDate "2012.07.01"]
[EventType "k.o. (rapid)"]
[EventRounds "3"]
[EventCountry "POL"]
[SourceTitle "CBM 149 Extra"]
[Source "ChessBase"]
[SourceDate "2012.08.24"]
[SourceVersion "1"]
[SourceVersionDate "2012.08.24"]
[SourceQuality "1"]

1. e4 d6 2. d4 Nf6 3. Nc3 g6 4. f3 c6 5. Be3 b5 6. Qd2 a6 7. Nge2 Nbd7 8. g4 Nb6 9. b3 b4 10. Nd1 a5 11. h4 h5 12. g5 Nfd7 13. Bg2 e6 14. f4 Qc7 15. c4 c5 16. 0-0 cxd4 17. Nxd4 Nc5 18. Nb5 Qb8 19. Nf2 Bd7 20. Rfd1 Bxb5 21. cxb5 Be7 22. Rac1 Nbd7 23. Qe2 Qb7 24. Rxd6 Rb8 25. e5 Qxb5 26. Qxb5 Rxb5 27. Bf1 Bxd6 28. Bxb5 1-0

[Event "Wroclaw Anderssen Memorial fin 21st"]
[Site "Wroclaw"]
[Date "2012.07.01"]
[Round "2.2"]
[White "Szmacinska, Grazyna"]
[Black "Kislov, Mikhail"]
[Result "0-1"]
[WhiteElo "2151"]
[BlackElo "2330"]
[PlyCount "75"]
[EventDate "2012.07.01"]
[EventType "k.o. (rapid)"]
[EventRounds "3"]
[EventCountry "POL"]
[SourceTitle "CBM 149 Extra"]
[Source "ChessBase"]
[SourceDate "2012.08.24"]
[SourceVersion "1"]
[SourceVersionDate "2012.08.24"]
[SourceQuality "1"]

1. d4 Nf6 2. c4 g6 3. Nc3 Bg7 4. e4 d6 5. f3 0-0 6. Be3 e5 7. d5 Nh5 8. Qd2 f5 9. Nge2 a6 10. 0-0-0 b5 11. Kb1 bxc4 12. Nc1 Nd7 13. Bxc4 Nb6 14. Bb3 a5 15. a3 a4 16. Ba2 Ba6 17. Ka1 Qd7 18. Nd3 Bc4 19. Bxb6 Bxa2 20. Nxa2 cxb6 21. Rc1 fxe4 22. fxe4 Nf6 23. Nf2 Qf7 24. Rc2 Nd7 25. Qb4 Nc5 26. Qxb6 Nb3+ 27. Kb1 Nd4 28. Rd2 Bh6 29. Rxd4 exd4 30. Ng4 Bg7 31. Qxd6 Qf4 32. Qe6+ Kh8 33. h3 Rae8 34. Qc6 Qxe4+ 35. Ka1 h5 36. Nh2 Qxg2 37. Qc1 Re2 38. Nb4 0-1

[Event "Wroclaw Anderssen Memorial op 21st"]
[Site "Wroclaw"]
[Date "2012.06.30"]
[Round "9"]
[White "Kislov, Mikhail"]
[Black "Djuric, Stefan"]
[Result "0-1"]
[WhiteElo "2330"]
[BlackElo "2447"]
[PlyCount "148"]
[EventDate "2012.06.30"]
[EventType "swiss (rapid)"]
[EventRounds "9"]
[EventCountry "POL"]
[SourceTitle "CBM 149 Extra"]
[Source "ChessBase"]
[SourceDate "2012.08.24"]
[SourceVersion "1"]
[SourceVersionDate "2012.08.24"]
[SourceQuality "1"]

1. e4 e5 2. Nf3 Nc6 3. d4 exd4 4. Nxd4 Qh4 5. Nb5 Bc5 6. Qe2 Bb6 7. Be3 Qd8 8. N1c3 a6 9. Bxb6 axb5 10. Be3 b4 11. Nd5 Nge7 12. Qd2 0-0 13. Bc4 d6 14. 0-0 Be6 15. Bb3 Kh8 16. Rae1 Na5 17. Nxe7 Nxb3 18. axb3 Qxe7 19. Qxb4 c5 20. Qc3 Bd7 21. e5 Qxe5 22. Qxe5 dxe5 23. Bxc5 Rfc8 24. Rxe5 f6 25. Rd5 Be6 26. Rd6 Bf5 27. b4 Bxc2 28. Re1 Ba4 29. f3 Bc6 30. Bb6 Kg8 31. Red1 Kf7 32. Rd8 Rxd8 33. Rxd8 Ra1+ 34. Kf2 Rb1 35. Rd2 Bb5 36. Ke3 Ke6 37. Kd4 Rc1 38. Bc5 g5 39. g4 Re1 40. Kc3 Rf1 41. Rf2 Rxf2 42. Bxf2 Be2 43. f4 gxf4 44. Kd4 Bxg4 45. Ke4 f3 46. Kf4 f5 47. h3 Bxh3 48. Kxf3 Ke5 49. Bg3+ Kd4 50. Bd6 Kc4 51. Kf4 h5 52. Kg5 Bg4 53. Be7 b5 54. Bd6 Kb3 55. Be5 Kxb4 56. Bb8 Kc4 57. Be5 Kd5 58. Bg3 Ke4 59. Bd6 Bd1 60. b4 Kd5 61. Bb8 Ke4 62. Bd6 Bg4 63. Bb8 Kf3 64. Kh4 Ke3 65. Kg3 Be2 66. Ba7+ Ke4 67. Bb8 f4+ 68. Kh4 Ke3 69. Ba7+ Ke4 70. Bb8 Bg4 71. Bc7 Ke3 72. Bb6+ Ke2 73. Bc5 f3 74. Kg3 Bd7 0-1

[Event "Wroclaw Anderssen Memorial op 20th"]
[Site "Wroclaw"]
[Date "2011.07.11"]
[Round "8"]
[White "Kislov, Mikhail"]
[Black "Wisniowska, Klaudia"]
[Result "0-1"]
[WhiteElo "2330"]
[BlackElo "2037"]
[PlyCount "86"]
[EventDate "2011.07.11"]
[EventType "swiss (rapid)"]
[EventRounds "9"]
[EventCountry "POL"]
[SourceTitle "CBM 143 Extra"]
[Source "ChessBase"]
[SourceDate "2011.08.29"]
[SourceVersion "1"]
[SourceVersionDate "2011.08.29"]
[SourceQuality "1"]

1. e4 c5 2. Nf3 d6 3. d4 cxd4 4. Nxd4 Nf6 5. Nc3 Nc6 6. Bg5 e6 7. Qd2 a6 8. 0-0-0 Bd7 9. f3 Be7 10. Be3 Qc7 11. Kb1 h5 12. h4 Ne5 13. Bg5 b5 14. f4 Neg4 15. a3 Rb8 16. Rh3 Qc5 17. e5 dxe5 18. fxe5 Nxe5 19. Nb3 Qc8 20. Bxf6 gxf6 21. Ne4 Nc4 22. Bxc4 bxc4 23. Rc3 Bb5 24. Qd4 Qd8 25. Qxd8+ Rxd8 26. Rxd8+ Kxd8 27. Na5 f5 28. Ng5 Bxg5 29. hxg5 Rg8 30. Nxc4 Bxc4 31. Rxc4 Rxg5 32. Rh4 Rxg2 33. Rxh5 f4 34. Rh3 Rg3 35. Rh4 Rg1+ 36. Ka2 e5 37. Kb3 f3 38. Rh2 Rg2 39. Rh1 f2 40. Rf1 e4 41. Kc3 e3 42. Kd3 Rg1 43. Ke2 f5 0-1

[Event "Pobeskydy Arcimpex"]
[Site "Frydek Mistek"]
[Date "2009.04.09"]
[Round "1"]
[White "Michenka, Jozef"]
[Black "Kislov, Mikhail"]
[Result "1-0"]
[WhiteElo "2383"]
[BlackElo "2327"]
[PlyCount "37"]
[EventDate "2009.04.09"]
[EventType "tourn"]
[EventRounds "9"]
[EventCountry "CZE"]
[EventCategory "3"]
[SourceTitle "CBM 129 Extra"]
[Source "ChessBase"]
[SourceDate "2009.05.05"]
[SourceVersion "2"]
[SourceVersionDate "2009.05.20"]
[SourceQuality "1"]

1. d4 Nf6 2. c4 e6 3. Nc3 d5 4. Bg5 Be7 5. e3 0-0 6. Nf3 b6 7. Be2 Bb7 8. Bxf6 Bxf6 9. cxd5 exd5 10. b4 c6 11. 0-0 Qd6 12. Qb3 Re8 13. Rfe1 Nd7 14. Bd3 a5 15. bxa5 Rxa5 16. e4 Qa3 17. Qc2 Rc5 18. Rac1 dxe4 19. dxc5 1-0

[Event "Pobeskydy Hamont 19th"]
[Site "Frydek Mistek"]
[Date "2008.03.22"]
[Round "6"]
[White "Jasny, Stanislav"]
[Black "Kislov, Mikhail"]
[Result "1/2-1/2"]
[WhiteElo "2329"]
[BlackElo "2363"]
[PlyCount "20"]
[EventDate "2008.03.20"]
[EventType "tourn"]
[EventRounds "9"]
[EventCountry "CZE"]
[EventCategory "2"]
[SourceTitle "EXT 2010"]
[Source "ChessBase"]
[SourceDate "2010.11.25"]
[SourceVersion "1"]
[SourceVersionDate "2010.11.25"]
[SourceQuality "1"]

1. e4 e5 2. Nf3 Nc6 3. Nc3 Nf6 4. d4 exd4 5. Nxd4 Bb4 6. Nxc6 bxc6 7. Bd3 d5 8. exd5 cxd5 9. 0-0 0-0 10. Bg5 c6 1/2-1/2

[Event "Pobeskydy Hamont 19th"]
[Site "Frydek Mistek"]
[Date "2008.03.21"]
[Round "4"]
[White "Kislov, Mikhail"]
[Black "Schwarz, Dusan"]
[Result "0-1"]
[WhiteElo "2363"]
[BlackElo "2292"]
[PlyCount "145"]
[EventDate "2008.03.20"]
[EventType "tourn"]
[EventRounds "9"]
[EventCountry "CZE"]
[EventCategory "2"]
[SourceTitle "EXT 2010"]
[Source "ChessBase"]
[SourceDate "2010.11.25"]
[SourceVersion "1"]
[SourceVersionDate "2010.11.25"]
[SourceQuality "1"]

1. e4 e5 2. Nf3 Nc6 3. d4 exd4 4. Nxd4 Bc5 5. Be3 Qf6 6. c3 Nge7 7. g3 h5 8. h4 d5 9. Bg2 Bg4 10. f3 Bd7 11. 0-0 Qg6 12. Kh2 Bd6 13. f4 dxe4 14. Nd2 Nxd4 15. Bxd4 f5 16. Nc4 Be6 17. Nxd6+ cxd6 18. Rf2 Nc6 19. Be3 d5 20. Rd2 0-0 21. Bf1 Qf7 22. Be2 g6 23. Qa4 Rfd8 24. Bb5 Qc7 25. Rad1 a6 26. Bxc6 Qxc6 27. Qd4 Rac8 28. Qf6 Bf7 29. Qg5 Kh7 30. Bd4 Qe6 31. Be5 Rd7 32. Rd4 Qe7 33. Bf6 Qf8 34. Be5 Rc6 35. Kg2 b5 36. Kf2 Qh6 37. a4 Qxg5 38. hxg5 Rb7 39. axb5 Rxb5 40. R1d2 Rbc5 41. Ra4 Be6 42. b4 Rb5 43. Bd4 Kg8 44. Rda2 Bc8 45. Ra5 Rxa5 46. Rxa5 Be6 47. Ke3 Kf7 48. Bc5 Bc8 49. Kd4 Ke6 50. Ra2 Bb7 51. Rd2 Rc7 52. Ra2 Rh7 53. Rh2 Bc6 54. Bb6 Bb5 55. Bc5 Bc4 56. Ke3 Rh8 57. Rh1 Kd7 58. Kd4 Re8 59. Ke3 Kc6 60. Bd4 Re7 61. Bf6 Rh7 62. Kd4 Kb5 63. Be5 Ka4 64. Ke3 Kb3 65. Kd2 Bd3 66. Ke3 Kc4 67. Rh2 Kb5 68. Kd4 Bc4 69. Rh1 a5 70. bxa5 Kxa5 71. Rb1 h4 72. Kc5 Ka4 73. Rb6 0-1

[Event "Pobeskydy Hamont 19th"]
[Site "Frydek Mistek"]
[Date "2008.03.21"]
[Round "3"]
[White "Krzyzanowski, Marcin"]
[Black "Kislov, Mikhail"]
[Result "1-0"]
[WhiteElo "2176"]
[BlackElo "2363"]
[PlyCount "59"]
[EventDate "2008.03.20"]
[EventType "tourn"]
[EventRounds "9"]
[EventCountry "CZE"]
[EventCategory "2"]
[SourceTitle "EXT 2010"]
[Source "ChessBase"]
[SourceDate "2010.11.25"]
[SourceVersion "1"]
[SourceVersionDate "2010.11.25"]
[SourceQuality "1"]

1. e4 e5 2. Nf3 Nc6 3. Bb5 a6 4. Ba4 Nf6 5. 0-0 b5 6. Bb3 Bc5 7. c3 d6 8. a4 b4 9. d4 exd4 10. cxd4 Ba7 11. h3 Na5 12. Bc2 Bb7 13. Re1 Kf8 14. Nbd2 c5 15. dxc5 dxc5 16. b3 Qb6 17. Bb2 Re8 18. Rc1 Bb8 19. Bd3 Rd8 20. Qc2 Bf4 21. Rcd1 Re8 22. e5 Nd5 23. Ne4 Nc3 24. Bxc3 bxc3 25. Qxc3 Nxb3 26. Rb1 Bd5 27. Bc4 Bxc4 28. Qxc4 Na5 29. Qxf7+ Kxf7 30. Rxb6 1-0

[Event "Oberliga Bayern 0607"]
[Site "Bayern"]
[Date "2006.10.15"]
[Round "1.2"]
[White "Koepke, Elena"]
[Black "Kislov, Mikhail"]
[Result "1-0"]
[WhiteElo "2278"]
[BlackElo "2358"]
[PlyCount "101"]
[EventDate "2006.10.15"]
[EventType "team-tourn"]
[EventRounds "9"]
[EventCountry "GER"]
[SourceTitle "EXT 2008"]
[Source "ChessBase"]
[SourceDate "2007.11.25"]
[SourceVersion "1"]
[SourceVersionDate "2007.11.25"]
[SourceQuality "1"]
[WhiteTeam "Muenchen Tarrasch"]
[BlackTeam "Krumbach"]
[WhiteTeamCountry "GER"]
[BlackTeamCountry "GER"]

1. e4 e5 2. Nf3 Nc6 3. Nc3 Nf6 4. d4 exd4 5. Nxd4 Bb4 6. Nxc6 bxc6 7. Bd3 d5 8. exd5 cxd5 9. 0-0 0-0 10. Bg5 c6 11. Qf3 Re8 12. Bxf6 Qxf6 13. Qxf6 gxf6 14. Ne2 Bd6 15. Ng3 Rb8 16. Rae1 Re5 17. b3 Bb4 18. Rd1 Bg4 19. f3 Bd7 20. Kh1 Rbe8 21. f4 Re3 22. Bf5 Be6 23. Rd3 Bxf5 24. Rxe3 Rxe3 25. Nxf5 Re4 26. g3 Bc5 27. c3 a5 28. Rc1 h5 29. Rc2 a4 30. Kg2 a3 31. Kf1 Kh7 32. Re2 Kg6 33. Nh4+ Kg7 34. Nf5+ Kg6 35. Nh4+ Kg7 36. Rxe4 dxe4 37. b4 Bf8 38. Ke2 f5 39. Nxf5+ Kf6 40. Nd4 Ke7 41. Nxc6+ Kd6 42. Ne5 Kd5 43. Ke3 f5 44. c4+ Ke6 45. c5 Kd5 46. h3 Bg7 47. c6 Kd6 48. b5 Kc7 49. g4 fxg4 50. hxg4 hxg4 51. Nxg4 1-0

[Event "Polanica Zdroj op-A 41st"]
[Site "Polanica Zdroj"]
[Date "2005.08.28"]
[Round "10"]
[White "Kislov, Mikhail"]
[Black "Bindrich, Falko"]
[Result "1/2-1/2"]
[WhiteElo "2351"]
[BlackElo "2391"]
[PlyCount "45"]
[EventDate "2005.08.19"]
[EventType "swiss"]
[EventRounds "10"]
[EventCountry "POL"]
[SourceTitle "CBM 108 Extra"]
[Source "ChessBase"]
[SourceDate "2005.11.04"]
[SourceVersion "1"]
[SourceVersionDate "2005.11.04"]
[SourceQuality "1"]

1. e4 c5 2. Nf3 d6 3. d4 cxd4 4. Nxd4 Nf6 5. Nc3 a6 6. Be3 e5 7. Nb3 Be6 8. f3 Nc6 9. Qd2 d5 10. exd5 Nxd5 11. Nxd5 Qxd5 12. Qxd5 Bxd5 13. c4 Be6 14. Nc5 Bxc5 15. Bxc5 0-0-0 16. Rc1 Kc7 17. Be2 Rd7 18. Be3 Rhd8 19. Kf2 Nd4 20. Rhd1 Nf5 21. Rxd7+ Rxd7 22. Rc2 Nxe3 23. Kxe3 1/2-1/2

[Event "Polanica Zdroj op-A 41st"]
[Site "Polanica Zdroj"]
[Date "2005.08.25"]
[Round "7"]
[White "Dudzinski, Piotr"]
[Black "Kislov, Mikhail"]
[Result "1/2-1/2"]
[WhiteElo "2222"]
[BlackElo "2351"]
[PlyCount "61"]
[EventDate "2005.08.19"]
[EventType "swiss"]
[EventRounds "10"]
[EventCountry "POL"]
[SourceTitle "CBM 108 Extra"]
[Source "ChessBase"]
[SourceDate "2005.11.04"]
[SourceVersion "1"]
[SourceVersionDate "2005.11.04"]
[SourceQuality "1"]

1. e4 e5 2. Nf3 Nc6 3. Bc4 Nf6 4. d3 Bc5 5. c3 d6 6. 0-0 a6 7. Bb3 Ba7 8. Nbd2 0-0 9. Re1 Ng4 10. Re2 Kh8 11. h3 Nh6 12. Nf1 f5 13. d4 fxe4 14. Rxe4 d5 15. Re1 e4 16. N3h2 Ne7 17. f3 Bf5 18. Bg5 Nhg8 19. fxe4 Bxe4 20. Ng3 Bg6 21. Ng4 Qd6 22. Ne5 Rae8 23. Qg4 Nf6 24. Bxf6 Rxf6 25. Qd7 Qxd7 26. Nxd7 Rd6 27. Ne5 Rf8 28. Rf1 Kg8 29. Rxf8+ Kxf8 30. Rf1+ Ke8 31. Nxg6 1/2-1/2

[Event "Olomouc op"]
[Site "Olomouc"]
[Date "2003.08.05"]
[Round "7"]
[White "Kislov, Mikhail"]
[Black "Helvensteijn, Dennis"]
[Result "0-1"]
[WhiteElo "2368"]
[BlackElo "2248"]
[PlyCount "67"]
[EventDate "2003.07.30"]
[EventType "swiss"]
[EventRounds "9"]
[EventCountry "CZE"]
[SourceTitle "CBM 095 Extra"]
[Source "ChessBase"]
[SourceDate "2003.09.04"]
[SourceVersion "1"]
[SourceVersionDate "2003.09.04"]
[SourceQuality "1"]

1. e4 c6 2. d4 d5 3. Nd2 dxe4 4. Nxe4 Nf6 5. Nxf6+ gxf6 6. c3 Nd7 7. Nf3 Nb6 8. g3 Bg4 9. Bg2 Qd7 10. a4 Nd5 11. c4 Qe6+ 12. Qe2 Nb4 13. Be3 Bf5 14. d5 Qd7 15. Rd1 cxd5 16. 0-0 Bc2 17. Rxd5 Nxd5 18. cxd5 Bb3 19. Nd4 Qxa4 20. Rc1 Rd8 21. Qd3 Bxd5 22. Bxd5 Rxd5 23. Rc8+ Kd7 24. Qc3 Qa5 25. b4 Qb6 26. Nf5 Rd1+ 27. Kg2 Qb5 28. g4 Rg8 29. Rc7+ Ke6 30. f3 Qd5 31. Rc8 Rxg4+ 32. Ng3 Rc4 33. Bc5 Qd2+ 34. Qxd2 0-1

[Event "Olomouc op"]
[Site "Olomouc"]
[Date "2003.08.04"]
[Round "6"]
[White "Konopka, Michal"]
[Black "Kislov, Mikhail"]
[Result "1-0"]
[WhiteElo "2428"]
[BlackElo "2368"]
[PlyCount "119"]
[EventDate "2003.07.30"]
[EventType "swiss"]
[EventRounds "9"]
[EventCountry "CZE"]
[SourceTitle "CBM 095 Extra"]
[Source "ChessBase"]
[SourceDate "2003.09.04"]
[SourceVersion "1"]
[SourceVersionDate "2003.09.04"]
[SourceQuality "1"]

1. Nf3 d5 2. d4 Nf6 3. c4 e6 4. g3 c6 5. Nbd2 Nbd7 6. Bg2 Bd6 7. 0-0 0-0 8. b3 a5 9. Bb2 b6 10. Qc2 Bb7 11. e4 Nxe4 12. Nxe4 dxe4 13. Qxe4 Ra7 14. c5 Be7 15. Rfd1 Qc7 16. Rac1 Bf6 17. Qe2 Rd8 18. h4 h6 19. Ne5 bxc5 20. Nxd7 Rxd7 21. dxc5 Ba6 22. Qc2 Bxb2 23. Qxb2 Ra8 24. Rxd7 Qxd7 25. Bf3 Rb8 26. Qe5 Rc8 27. Rd1 Qb7 28. Rd4 g6 29. h5 g5 30. Qf6 Qb5 31. Rc4 Qb7 32. Rg4 Qb5 33. Rc4 Qb7 34. Re4 Bd3 35. Qxh6 Qe7 36. Rg4 f6 37. Rd4 Bf5 38. Be4 Bxe4 39. Rxe4 Rd8 40. Qg6+ Kh8 41. h6 Rg8 42. Qf5 e5 43. Ra4 Qd8 44. Qe6 g4 45. Qxc6 Kh7 46. Qd6 Qxd6 47. cxd6 Rd8 48. Rxa5 Rxd6 49. Ra4 Rd1+ 50. Kg2 Rd2 51. Rxg4 Rxa2 52. Rh4 Rb2 53. b4 f5 54. Rh5 f4 55. gxf4 e4 56. Kg3 Rxb4 57. f5 Rb2 58. f6 Rb8 59. Kg4 Rf8 60. Rf5 1-0

[Event "Olomouc op"]
[Site "Olomouc"]
[Date "2003.07.31"]
[Round "2"]
[White "Tomes, Zdenek"]
[Black "Kislov, Mikhail"]
[Result "0-1"]
[WhiteElo "2133"]
[BlackElo "2368"]
[PlyCount "52"]
[EventDate "2003.07.30"]
[EventType "swiss"]
[EventRounds "9"]
[EventCountry "CZE"]
[SourceTitle "CBM 095 Extra"]
[Source "ChessBase"]
[SourceDate "2003.09.04"]
[SourceVersion "1"]
[SourceVersionDate "2003.09.04"]
[SourceQuality "1"]

1. Nf3 d5 2. g3 Nf6 3. Bg2 c6 4. 0-0 Bg4 5. d3 Nbd7 6. c3 e5 7. Nbd2 a5 8. a4 Be7 9. h3 Bxf3 10. Bxf3 0-0 11. e4 dxe4 12. dxe4 Nc5 13. Qe2 Qc7 14. Nc4 Nb3 15. Rb1 b5 16. axb5 cxb5 17. Ne3 Rab8 18. Nd5 Nxd5 19. exd5 Bd6 20. g4 b4 21. Be3 bxc3 22. bxc3 Qxc3 23. Qa6 Qc7 24. Rfd1 Rb4 25. Qc6 Qe7 26. Qa6 Rfb8 0-1

[Event "Pobeskydy Arcimpex 14th"]
[Site "Frydek Mistek"]
[Date "2003.04.21"]
[Round "9"]
[White "Dvorak, Tomas"]
[Black "Kislov, Mikhail"]
[Result "1-0"]
[WhiteElo "2311"]
[BlackElo "2377"]
[PlyCount "127"]
[EventDate "2003.04.17"]
[EventType "tourn"]
[EventRounds "9"]
[EventCountry "CZE"]
[EventCategory "3"]
[SourceTitle "EXT 2006"]
[Source "ChessBase"]
[SourceDate "2005.11.24"]
[SourceVersion "1"]
[SourceVersionDate "2005.11.24"]
[SourceQuality "1"]

1. e4 e6 2. d4 d5 3. Nc3 Bb4 4. e5 Ne7 5. a3 Bxc3+ 6. bxc3 c5 7. Qg4 Kf8 8. Nf3 Qa5 9. Bd2 Qa4 10. Ra2 b6 11. Bd3 Ba6 12. 0-0 Bxd3 13. cxd3 c4 14. dxc4 Qxc4 15. Rb2 Nbc6 16. h4 Rc8 17. h5 h6 18. Nh4 Qd3 19. f4 Nf5 20. Rf3 Qe4 21. Nxf5 Qxf5 22. Qxf5 exf5 23. g4 fxg4 24. Rg3 Ne7 25. Rxg4 Nf5 26. Kf2 Rc4 27. Rb5 Ke7 28. Rxd5 a6 29. e6 Kxe6 30. Re5+ Kf6 31. Rg1 Rhc8 32. Rb1 b5 33. Rb4 Nd6 34. Be1 g6 35. Ke2 Rxb4 36. axb4 gxh5 37. Rxh5 Nf5 38. Rh3 Re8+ 39. Kf2 Kg6 40. Rd3 h5 41. d5 Nd6 42. Bd2 Kf5 43. Be3 h4 44. Bc5 Ne4+ 45. Kg2 Rg8+ 46. Kh2 Rg3 47. Rd4 Nf6 48. d6 Rg8 49. d7 Rg3 50. Rd5+ Ke4 51. d8Q Nxd5 52. Qxh4 Rxc3 53. f5+ Kxf5 54. Qd4 Rc2+ 55. Kg1 Nf4 56. Qd7+ Ke4 57. Qb7+ Ke5 58. Qc7+ Ke4 59. Qb7+ Ke5 60. Qxf7 Rc1+ 61. Kh2 Rc2+ 62. Kg3 Rc3+ 63. Kg4 Rc4 64. Qf5# 1-0

[Event "Trinec op 35th"]
[Site "Trinec"]
[Date "2003.01.04"]
[Round "9"]
[White "Cernousek, Lukas"]
[Black "Kislov, Mikhail"]
[Result "0-1"]
[WhiteElo "2302"]
[BlackElo "2377"]
[PlyCount "60"]
[EventDate "2002.12.28"]
[EventType "swiss"]
[EventRounds "9"]
[EventCountry "CZE"]
[SourceTitle "EXT 2004"]
[Source "ChessBase"]
[SourceDate "2003.11.25"]
[SourceVersion "1"]
[SourceVersionDate "2003.11.25"]
[SourceQuality "1"]

1. e4 e5 2. Nf3 Nc6 3. d4 exd4 4. Nxd4 Bc5 5. Nxc6 Qf6 6. Qd2 dxc6 7. Nc3 Qe7 8. Qg5 Nf6 9. Be3 Bxe3 10. Qxe3 0-0 11. Bd3 Re8 12. 0-0 Qb4 13. Qc1 Be6 14. a3 Qb6 15. Qd2 Rad8 16. b3 Qd4 17. Rad1 Ng4 18. Ne2 Qd6 19. Qf4 Ne5 20. Nc1 f6 21. a4 Qb4 22. Be2 Qc3 23. Qg3 Qxc2 24. f4 Nf7 25. f5 Rxd1 26. Rxd1 Bxf5 27. Qxc7 Bxe4 28. Qxb7 Qc5+ 29. Kh1 Qf2 30. Bf1 Bxg2+ 0-1

[Event "Trinec op 35th"]
[Site "Trinec"]
[Date "2003.01.03"]
[Round "8"]
[White "Kislov, Mikhail"]
[Black "Kantorik, Marian"]
[Result "0-1"]
[WhiteElo "2377"]
[BlackElo "2364"]
[PlyCount "84"]
[EventDate "2002.12.28"]
[EventType "swiss"]
[EventRounds "9"]
[EventCountry "CZE"]
[SourceTitle "EXT 2004"]
[Source "ChessBase"]
[SourceDate "2003.11.25"]
[SourceVersion "1"]
[SourceVersionDate "2003.11.25"]
[SourceQuality "1"]

1. e4 g6 2. d4 Bg7 3. Nc3 d6 4. Be3 Nd7 5. Nge2 e6 6. Qd2 a6 7. h4 b5 8. h5 Bb7 9. f3 Ne7 10. g4 Rg8 11. hxg6 hxg6 12. Bg2 c6 13. Bg5 f6 14. Bf4 Qc7 15. 0-0-0 0-0-0 16. d5 cxd5 17. exd5 Nxd5 18. Nxd5 Bxd5 19. a4 bxa4 20. Nc3 Nb6 21. Qd3 Bc4 22. Qxg6 a3 23. Kb1 Nd5 24. Nxd5 Bxd5 25. Qd3 axb2 26. Qxa6+ Kd7 27. Qb5+ Qc6 28. Qxc6+ Kxc6 29. Kxb2 f5+ 30. Kc1 fxg4 31. Rxd5 Kxd5 32. fxg4+ Kc5 33. g5 Rdf8 34. Rh4 d5 35. Rg4 Bc3 36. Kd1 e5 37. Be3+ Kd6 38. Rg3 e4 39. Bc1 Be5 40. Rg4 Ra8 41. c4 Ra1 42. Kd2 e3+ 0-1

[Event "Pardubice Czech op"]
[Site "Pardubice"]
[Date "2002.07.25"]
[Round "7"]
[White "Kislov, Mikhail"]
[Black "Brynell, Stellan"]
[Result "1/2-1/2"]
[WhiteElo "2390"]
[BlackElo "2508"]
[PlyCount "138"]
[EventDate "2002.07.19"]
[EventType "swiss"]
[EventRounds "9"]
[EventCountry "CZE"]
[SourceTitle "CBM 089 Extra"]
[Source "ChessBase"]
[SourceDate "2002.09.10"]
[SourceVersion "2"]
[SourceVersionDate "2002.09.10"]
[SourceQuality "1"]

1. e4 e6 2. d4 d5 3. Nd2 c5 4. exd5 exd5 5. Ngf3 a6 6. dxc5 Bxc5 7. Nb3 Bb6 8. Qe2+ Ne7 9. Be3 Nbc6 10. Bxb6 Qxb6 11. Qd2 0-0 12. Bd3 Bg4 13. Qf4 Bxf3 14. Qxf3 a5 15. Qe3 d4 16. Qh3 Ng6 17. 0-0 a4 18. Nd2 Qxb2 19. Rab1 Qa3 20. Rb5 Qe7 21. Nf3 Rfe8 22. Rfb1 Rab8 23. Rf5 h6 24. Qg3 Nge5 25. Nxe5 Nxe5 26. Bb5 Nc6 27. Bc4 Rf8 28. h3 Rbd8 29. Rfb5 Rd7 30. Qf4 Rc8 31. Rf5 Rf8 32. Rbb5 Nd8 33. Rb6 Nc6 34. Bb5 Qa3 35. Bc4 Qc3 36. Rc5 Re8 37. Kh2 Qe1 38. Rf5 Ree7 39. Bb5 Qa5 40. Rxc6 bxc6 41. Bxc6 Qc7 42. Bxd7 Rxd7 43. Qxc7 Rxc7 44. Ra5 Rxc2 45. Rxa4 d3 46. Rd4 Rxf2 47. Rxd3 Rxa2 48. Kg3 g5 49. h4 gxh4+ 50. Kh3 Ra4 51. Rd6 Kg7 52. Rb6 f6 53. Rb8 Rf4 54. Ra8 Kg6 55. Rg8+ Kh5 56. Rf8 Rf1 57. Kh2 f5 58. Rf7 Kg6 59. Rf8 Ra1 60. Rg8+ Kh5 61. Rf8 Kg4 62. Rg8+ Kf4 63. Rg6 h5 64. Rh6 h3 65. g3+ Kg5 66. Rh8 Ra3 67. Kxh3 f4 68. Rg8+ Kh6 69. Kg2 Rxg3+ 1/2-1/2

[Event "Pardubice Czech op"]
[Site "Pardubice"]
[Date "2002.07.24"]
[Round "6"]
[White "Kislov, Mikhail"]
[Black "Chernyshov, Konstantin"]
[Result "1/2-1/2"]
[WhiteElo "2390"]
[BlackElo "2518"]
[PlyCount "46"]
[EventDate "2002.07.19"]
[EventType "swiss"]
[EventRounds "9"]
[EventCountry "CZE"]
[SourceTitle "CBM 089 Extra"]
[Source "ChessBase"]
[SourceDate "2002.09.10"]
[SourceVersion "2"]
[SourceVersionDate "2002.09.10"]
[SourceQuality "1"]

1. e4 c6 2. Nc3 d5 3. d4 g6 4. h3 Bg7 5. Nf3 dxe4 6. Nxe4 Nd7 7. Bd3 Ngf6 8. 0-0 0-0 9. Re1 Nxe4 10. Bxe4 Nf6 11. Bd3 Qc7 12. c3 b6 13. Bg5 Bb7 14. Qe2 Rfe8 15. Ba6 Bxa6 16. Qxa6 Nd5 17. a4 Rad8 18. Qc4 a5 19. Rab1 Qb7 20. Qb3 h6 21. Bd2 Qc7 22. c4 Nf6 23. Qa3 e6 1/2-1/2